| 000 | 01536nam a22002537a 4500 | ||
|---|---|---|---|
| 999 |
_c59840 _d59840 |
||
| 003 | Ge_BSU | ||
| 005 | 20230426174140.0 | ||
| 008 | 230426s1999ge xxu||||| |||| 00| 0 geo d | ||
| 020 | _a9992851171 | ||
| 041 | _ageo | ||
| 080 | _a394.21(479.22)+398.332.1(=353.1) რ-97 | ||
| 100 |
_aრუხაძე, ჯულიეტა, ავტორი. _917834 |
||
| 245 |
_aბუნების ძალთა აღორძინების ხალხური დღესასწაული საქართველოში : _bბერიკაობა-ყეენობა / _cჯულიეტა რუხაძე ; რედაქტორები: თ. ოჩიაური, ნ. ხაზარაძე, ი. სურგულაძე. |
||
| 264 |
_aთბილისი : _bინტელექტი, _c1999. |
||
| 300 |
_a280 გვ. : _b ილ. ; _c 26 სმ. |
||
| 504 | _aბიბლიოგრ. ტექსტის შენიშვნ. | ||
| 546 | _aტექსტი ქართულ და ინგლისურ ენებზე. | ||
| 653 | _aხალხური დღესასწაულები საქართველოში. | ||
| 653 | _aბერიკაობა. ყეენობა. | ||
| 700 |
_a ოჩიაური, თ _eრედაქტორი _917835 |
||
| 700 |
_aხაზარაძე, ნ _eრედაქტორი _913451 |
||
| 700 |
_a სურგულაძე, ი _eრედაქტორი _917836 |
||
| 942 |
_2udc _cBK |
||